000 00313nam a2200133Ia 4500
005 20251222142022.0
008 251222s9999||||xx |||||||||||||| ||spa||
020 _a84-330-1489-7
082 _a370.114/N29
100 _aNavarro, Ginés
245 0 _aEl Diálogo:
264 _bDesclée de Brouwer
942 _cLIB
999 _c10693
_d10693